Les plus gros transfert par années (2000-2024) - Statistiques

Statistiques générales
  • Ce quiz a été pris 115 fois
  • Le résultat moyen est 8 sur 25
Statistiques - réponses
Années Joueurs % Correct
2017 Neymar Jr. (222 millions)
97%
2018 Cristiano Ronaldo (117 millions)
96%
2009 Cristiano Ronaldo (94 millions)
96%
2001 Zinédine Zidane (77,5 millions)
71%
2016 Paul Pogba (105 millions)
57%
2013 Gareth Bale (101 millions)
52%
2000 Luis Figo (60 millions)
47%
2023 Jude Bellingham (134 millions)
44%
2021 Jack Grealish (117,5 millions)
29%
2014 Luis Suarez (81,7 millions)
29%
2004 Samuel Eto'o (24 millions)
25%
2019 Joao Felix (126 millions)
24%
2003 David Beckham (35 millions)
22%
2005 Didier Drogba (36 millions)
19%
2022 Antony (95 millions)
16%
2007 Fernando Torres (36 millions)
15%
2010 Fernando Torres (58,5 millions)
15%
2012 Thiago Silva (42 millions)
15%
2024 Juliàn Alvarez (75 millions)
14%
2015 Kevin De Bruyne (76 millions)
13%
2006 Andrei Shevchenko (43,3 millions)
10%
2011 Javier Pastore (42 millions)
7%
2008 Robinho (42 millions)
5%
2002 Ronaldo Nazario (45 millions)
5%
2020 Kai Havertz (80 millions)
0%
Aucun quiz correspondant
Distribution des résultats
% des personnes avec chaque résultat
Percentile par nombre de réponses
Votre historique - résultats
Vous n’avez pas pris ce quiz